[Event "4rd Memory of Nebesna Sotnya-2017 B"]
[Site "Lutsk"]
[Date "2017.02.17"]
[Round "1.1"]
[White "Prydun, Andriy"]
[Black "Bogdanovich, Stanislav"]
[Result "0-1"]
[WhiteElo "1875"]
[BlackElo "2714"]
[PlyCount "90"]
[EventDate "2017.02.17"]
[EventType "swiss (blitz)"]
[EventRounds "15"]
[EventCountry "UKR"]

1. Nf3 d5 2. d4 c6 3. Bf4 Qb6 4. Qc1 Nf6 5. e3 Bg4 6. Nbd2 Nbd7 7. c4 e6 8. c5
Qd8 9. b4 Be7 10. Bd3 O-O 11. h3 Bf5 12. Bxf5 exf5 13. O-O Ne4 14. Rb1 b6 15.
cxb6 Qxb6 16. Nxe4 fxe4 17. Ne5 Nxe5 18. Bxe5 Rfc8 19. Qc3 f6 20. Bh2 Bf8 21.
Rfc1 a5 22. bxa5 Qxa5 23. Qxa5 Rxa5 24. Rb8 Rxb8 25. Bxb8 Ra6 26. a4 Kf7 27. a5
Ke6 28. Bc7 Kd7 29. Bb6 Bb4 30. Ra1 Kc8 31. Ra4 Bd6 32. g3 Kb7 33. Bc5 Bc7 34.
Bb4 Ra8 35. h4 Ka6 36. Bc3 Rb8 37. Rb4 Rxb4 38. Bxb4 f5 39. h5 g5 40. g4 fxg4
41. Be7 g3 42. Bxg5 gxf2+ 43. Kxf2 Kxa5 44. Bf4 Bxf4 45. exf4 Kb6 0-1

[Event "4rd Memory of Nebesna Sotnya-2017 B"]
[Site "Lutsk"]
[Date "2017.02.17"]
[Round "1.2"]
[White "Onischuk, Vladimir"]
[Black "Nazarenko, Sergey"]
[Result "1-0"]
[WhiteElo "2684"]
[BlackElo "1868"]
[PlyCount "67"]
[EventDate "2017.02.17"]
[EventType "swiss (blitz)"]
[EventRounds "15"]
[EventCountry "UKR"]

1. e4 c5 2. Nf3 d6 3. d4 cxd4 4. Nxd4 Nf6 5. Nc3 a6 6. a4 e5 7. Nf3 Be6 8. Ng5
Be7 9. Nxe6 fxe6 10. Bc4 Qc8 11. Ba2 Nc6 12. Be3 O-O 13. g4 Nb4 14. Bb3 d5 15.
exd5 Nfxd5 16. Nxd5 Nxd5 17. Bxd5 exd5 18. Qxd5+ Kh8 19. Qe4 Bc5 20. O-O Rf4
21. Bxf4 Qxg4+ 22. Kh1 exf4 23. Rg1 Qh4 24. Rxg7 Kxg7 25. Qxb7+ Kh6 26. Qc6+
Kh5 27. Qxa8 Qxf2 28. Qg2 Qe3 29. Rf1 Kh4 30. Qf3 Qxf3+ 31. Rxf3 Kg5 32. Kg2
Bd4 33. c3 Be5 34. b4 1-0

[Event "4rd Memory of Nebesna Sotnya-2017 B"]
[Site "Lutsk"]
[Date "2017.02.17"]
[Round "1.3"]
[White "Bilsky, Mykola"]
[Black "Bortnyk, Mykola"]
[Result "0-1"]
[WhiteElo "1863"]
[BlackElo "2624"]
[PlyCount "110"]
[EventDate "2017.02.17"]
[EventType "swiss (blitz)"]
[EventRounds "15"]
[EventCountry "UKR"]

1. d4 d5 2. Nf3 Nf6 3. Bf4 c5 4. e3 Nc6 5. c3 Qb6 6. Qb3 c4 7. Qxb6 axb6 8.
Nbd2 b5 9. a3 b4 10. Ne5 e6 11. a4 Nxe5 12. Bxe5 Bd7 13. a5 Bb5 14. Be2 Nd7 15.
Bc7 Nb8 16. O-O Nc6 17. e4 Kd7 18. Bb6 Bd6 19. exd5 exd5 20. Bf3 Ne7 21. Rfe1
Rhe8 22. Bg4+ f5 23. Bf3 Bc6 24. h3 Bf4 25. Nf1 bxc3 26. bxc3 Nc8 27. g3 Rxe1
28. Rxe1 Bd6 29. Ne3 Ne7 30. Kg2 g6 31. h4 Ba3 32. Rb1 Ke6 33. g4 f4 34. Nc2
Bd6 35. Nb4 Bxb4 36. cxb4 Bb5 37. Bc5 Re8 38. Re1+ Kd7 39. Re5 c3 40. Bxe7 Bc4
41. Re1 Rxe7 42. Rc1 Kc6 43. Rxc3 Kb5 44. g5 Kxb4 45. Rc1 Kxa5 46. Rb1 b5 47.
Bg4 b4 48. Ra1+ Kb5 49. Ra8 b3 50. Rb8+ Ka4 51. Ra8+ Kb4 52. Rb8+ Kc3 53. Bf3
b2 54. Rb6 Re1 55. Rb7 b1=Q 0-1

[Event "4rd Memory of Nebesna Sotnya-2017 B"]
[Site "Lutsk"]
[Date "2017.02.17"]
[Round "1.4"]
[White "Kislinsky, Alexey"]
[Black "Tymkiv, Vasyl"]
[Result "1-0"]
[WhiteElo "2590"]
[BlackElo "1862"]
[PlyCount "51"]
[EventDate "2017.02.17"]
[EventType "swiss (blitz)"]
[EventRounds "15"]
[EventCountry "UKR"]

1. e4 e5 2. Nf3 f5 3. Nxe5 Nc6 4. d4 Nxe5 5. dxe5 Qe7 6. Nc3 Qxe5 7. f4 Qe6 8.
e5 d6 9. Nd5 Kd8 10. Bc4 dxe5 11. Nxc7+ Qd7 12. Qxd7+ Bxd7 13. Nxa8 e4 14. Be3
Bc6 15. O-O-O+ Kc8 16. Bxa7 b5 17. Bxg8 Rxg8 18. Nb6+ Kb7 19. Nd7 Kxa7 20. Nxf8
Rxf8 21. Rhe1 h6 22. Rd6 Kb7 23. Rg6 Rf7 24. Re3 Be8 25. Reg3 b4 26. Rxg7 1-0

[Event "4rd Memory of Nebesna Sotnya-2017 B"]
[Site "Lutsk"]
[Date "2017.02.17"]
[Round "1.5"]
[White "Bendiuk, Alexander"]
[Black "Bernadskiy, Vitaliy"]
[Result "0-1"]
[WhiteElo "1855"]
[BlackElo "2507"]
[PlyCount "44"]
[EventDate "2017.02.17"]
[EventType "swiss (blitz)"]
[EventRounds "15"]
[EventCountry "UKR"]

1. e4 c6 2. f4 d5 3. Nc3 dxe4 4. Nxe4 Nd7 5. Nf3 Ngf6 6. Ng3 h5 7. Bc4 e6 8. f5
Nb6 9. fxe6 Nxc4 10. exf7+ Kxf7 11. O-O h4 12. d3 hxg3 13. dxc4 Bc5+ 14. Kh1
Qxd1 15. Rxd1 Ng4 16. Ng5+ Kg6 17. Nh3 Nf2+ 18. Nxf2 Rxh2+ 19. Kg1 Bxf2+ 20.
Kf1 Rh1+ 21. Ke2 Bg4+ 22. Kd2 Rxd1+ 0-1

[Event "4rd Memory of Nebesna Sotnya-2017 B"]
[Site "Lutsk"]
[Date "2017.02.17"]
[Round "1.6"]
[White "Gritsak, Orest"]
[Black "Zabokrytsky, Alexandr"]
[Result "1-0"]
[WhiteElo "2497"]
[BlackElo "1851"]
[PlyCount "43"]
[EventDate "2017.02.17"]
[EventType "swiss (blitz)"]
[EventRounds "15"]
[EventCountry "UKR"]

1. Nf3 Nc6 2. c4 e6 3. d4 d5 4. Nc3 Bb4 5. e3 Nf6 6. Be2 O-O 7. O-O Bxc3 8.
bxc3 Ne4 9. Qc2 b6 10. cxd5 exd5 11. c4 Nb4 12. Qb3 c5 13. a3 dxc4 14. Bxc4 Na6
15. Bd5 c4 16. Qxc4 Nd6 17. Qb3 Bb7 18. Bxb7 Nxb7 19. Bb2 Nd6 20. Rac1 Nc7 21.
a4 Ne4 22. Qc2 1-0

[Event "4rd Memory of Nebesna Sotnya-2017 B"]
[Site "Lutsk"]
[Date "2017.02.17"]
[Round "1.7"]
[White "Salyk, Andriy"]
[Black "Klymchuk, Andriy"]
[Result "0-1"]
[WhiteElo "1847"]
[BlackElo "2495"]
[PlyCount "86"]
[EventDate "2017.02.17"]
[EventType "swiss (blitz)"]
[EventRounds "15"]
[EventCountry "UKR"]

1. d4 Nf6 2. c4 g6 3. Nc3 Bg7 4. Nf3 O-O 5. h3 c5 6. d5 d6 7. Bf4 Bf5 8. e3 Ne4
9. Rc1 Qa5 10. Qb3 Na6 11. a3 Nc7 12. Be2 Rfb8 13. O-O Nxc3 14. bxc3 b5 15. Nd2
bxc4 16. Nxc4 Rxb3 17. Nxa5 Rxc3 18. Rxc3 Bxc3 19. Nc6 Nxd5 20. Bg3 Bd7 21.
Nxe7+ Nxe7 22. Bxd6 Nc6 23. Bxc5 Bf6 24. Bf3 Rc8 25. Bxc6 Rxc6 26. Bxa7 Be7 27.
Bd4 Bxa3 28. Ra1 Bf8 29. Ra8 Rc8 30. Ra7 Be6 31. g3 Bxh3 32. Kh2 Be6 33. Kg2 h5
34. Ra1 Bg7 35. Bxg7 Kxg7 36. Kf3 Rc2 37. e4 g5 38. Ra3 Kg6 39. Kg2 g4 40. Re3
Bc4 41. e5 Be2 42. e6 Bf3+ 43. Kg1 Rc1+ 0-1

[Event "4rd Memory of Nebesna Sotnya-2017 B"]
[Site "Lutsk"]
[Date "2017.02.17"]
[Round "1.8"]
[White "Mirzoev, Emil"]
[Black "Peppas, Hrisovaladis"]
[Result "1-0"]
[WhiteElo "2463"]
[BlackElo "1842"]
[PlyCount "87"]
[EventDate "2017.02.17"]
[EventType "swiss (blitz)"]
[EventRounds "15"]
[EventCountry "UKR"]

1. e4 c5 2. Nc3 e6 3. g3 Nc6 4. Bg2 a6 5. d3 Qc7 6. f4 d6 7. Nf3 Be7 8. O-O h5
9. h3 b6 10. Be3 Bb7 11. d4 cxd4 12. Nxd4 Nxd4 13. Bxd4 Bf6 14. a4 Bxd4+ 15.
Qxd4 Qc5 16. Rad1 Ne7 17. Kh2 Qxd4 18. Rxd4 Rd8 19. Rfd1 d5 20. exd5 exd5 21.
Nxd5 Bxd5 22. Bxd5 Nf5 23. Re4+ Kf8 24. Bc6 Rc8 25. c3 g6 26. Bb7 Rc7 27. Rd8+
Kg7 28. Rxh8 Kxh8 29. Bxa6 Rd7 30. g4 Rd2+ 31. Re2 Rxe2+ 32. Bxe2 Ne3 33. gxh5
gxh5 34. Bxh5 Nc4 35. b3 Nd6 36. b4 Kg7 37. a5 bxa5 38. bxa5 Nc4 39. a6 Nb6 40.
Bf3 Nc8 41. Kg3 Kf6 42. h4 Kg6 43. Bb7 Na7 44. c4 1-0

[Event "4rd Memory of Nebesna Sotnya-2017 B"]
[Site "Lutsk"]
[Date "2017.02.17"]
[Round "2.1"]
[White "Bogdanovich, Stanislav"]
[Black "Lutsiv, Roman"]
[Result "1-0"]
[WhiteElo "2714"]
[BlackElo "2185"]
[PlyCount "83"]
[EventDate "2017.02.17"]
[EventType "swiss (blitz)"]
[EventRounds "15"]
[EventCountry "UKR"]

1. e4 e6 2. d4 d5 3. Nd2 Nf6 4. e5 Nfd7 5. Bd3 c5 6. c3 Nc6 7. Ne2 Qb6 8. Nf3
cxd4 9. cxd4 Bb4+ 10. Bd2 O-O 11. O-O Bxd2 12. Qxd2 f6 13. exf6 Nxf6 14. Rfe1
Bd7 15. Nf4 Rae8 16. Re2 Qb4 17. Qxb4 Nxb4 18. a3 Nxd3 19. Nxd3 Bb5 20. Rd1 Ne4
21. Nfe5 Rc8 22. f3 Bxd3 23. Nxd3 Nf6 24. Nc5 b6 25. Nxe6 Rf7 26. Rde1 Re7 27.
Kf1 Rc6 28. Nf4 Rxe2 29. Rxe2 Rc4 30. Rd2 Kf7 31. Nd3 Nd7 32. Nb4 Ke6 33. Ke2
Kd6 34. Nc2 Nf6 35. Ne3 Rc7 36. Rc2 Re7 37. Kd3 g6 38. Rc8 Nh5 39. g3 Rd7 40.
Ng4 Ng7 41. Ne5 Re7 42. Rc6# 1-0

[Event "4rd Memory of Nebesna Sotnya-2017 B"]
[Site "Lutsk"]
[Date "2017.02.17"]
[Round "2.2"]
[White "Maliutin, Oleksandr"]
[Black "Onischuk, Vladimir"]
[Result "1-0"]
[WhiteElo "2180"]
[BlackElo "2684"]
[PlyCount "82"]
[EventDate "2017.02.17"]
[EventType "swiss (blitz)"]
[EventRounds "15"]
[EventCountry "UKR"]

1. c4 g6 2. Nc3 Bg7 3. Nf3 d6 4. d4 Bg4 5. e4 Nc6 6. Be3 e5 7. d5 Nd4 8. Be2
Bxf3 9. Bxf3 c5 10. Bxd4 cxd4 11. Qa4+ Kf8 12. Ne2 f5 13. Ng3 f4 14. Ne2 Nf6
15. O-O h5 16. Rac1 g5 17. c5 g4 18. c6 gxf3 19. gxf3 Kf7 20. cxb7 Rb8 21. Qxa7
Qd7 22. Rc6 Rxb7 23. Qa6 Bf8 24. Rfc1 Be7 25. b3 Rg8+ 26. Kf1 Ra7 27. Qc4 Rxa2
28. Ng1 Ra7 29. b4 Rb8 30. b5 Rab7 31. Rb1 Bd8 32. Ne2 Rb6 33. Nc1 Qa7 34. Nd3
Qa5 35. Rc8 Rxc8 36. Qxc8 Rxb5 37. Rc1 Be7 38. Qe6+ Kg6 39. Qxe7 Qa6 40. Rc7
Rb1+ 41. Kg2 Rb2 1-0

[Event "4rd Memory of Nebesna Sotnya-2017 B"]
[Site "Lutsk"]
[Date "2017.02.17"]
[Round "2.3"]
[White "Bortnyk, Mykola"]
[Black "Nedilko, Vasily"]
[Result "1-0"]
[WhiteElo "2624"]
[BlackElo "2160"]
[PlyCount "47"]
[EventDate "2017.02.17"]
[EventType "swiss (blitz)"]
[EventRounds "15"]
[EventCountry "UKR"]

1. e4 c5 2. c3 d6 3. d4 Nf6 4. Bd3 g6 5. e5 dxe5 6. dxe5 Nh5 7. Be3 Nc6 8. Bxc5
Nxe5 9. Bb5+ Bd7 10. Bxd7+ Qxd7 11. Qxd7+ Nxd7 12. Be3 Nhf6 13. Nf3 Bg7 14. Na3
O-O 15. O-O-O Rfd8 16. h3 e6 17. Bd4 a6 18. Nc2 Rac8 19. Kb1 Nd5 20. Rhe1 b5
21. g3 Rc6 22. Bxg7 Kxg7 23. Ncd4 Rcc8 24. Rxe6 1-0

[Event "4rd Memory of Nebesna Sotnya-2017 B"]
[Site "Lutsk"]
[Date "2017.02.17"]
[Round "2.4"]
[White "Bugaev, Viktor"]
[Black "Kislinsky, Alexey"]
[Result "0-1"]
[WhiteElo "2162"]
[BlackElo "2590"]
[PlyCount "92"]
[EventDate "2017.02.17"]
[EventType "swiss (blitz)"]
[EventRounds "15"]
[EventCountry "UKR"]

1. Nf3 g6 2. g3 Bg7 3. Bg2 e5 4. d3 Ne7 5. c4 d6 6. O-O h6 7. Nc3 g5 8. Rb1 f5
9. Nd2 O-O 10. e3 Nd7 11. d4 exd4 12. exd4 Bxd4 13. Nd5 Bg7 14. Nb3 c6 15.
Nxe7+ Qxe7 16. Re1 Qf6 17. f4 Nc5 18. Nxc5 dxc5 19. Be3 b6 20. Qc2 Bd7 21. Rbd1
Rad8 22. b3 Bc8 23. Kh1 g4 24. Rd2 Rxd2 25. Qxd2 h5 26. Rd1 h4 27. Qd6 h3 28.
Bxc6 Kh7 29. Qxf6 Bxf6 30. Bd5 Re8 31. Bg1 Re2 32. a4 Rb2 33. a5 Rxb3 34. axb6
axb6 35. Re1 Bd7 36. Rc1 Kg7 37. Rd1 Be8 38. Re1 Ba4 39. Rf1 Rb2 40. Re1 Bc2
41. Rf1 Bd3 42. Re1 Be2 43. Bc6 Bd4 44. Bxd4+ cxd4 45. Bd5 d3 46. Ra1 d2 0-1

[Event "4rd Memory of Nebesna Sotnya-2017 B"]
[Site "Lutsk"]
[Date "2017.02.17"]
[Round "2.5"]
[White "Bernadskiy, Vitaliy"]
[Black "Gushpit, Iaroslav"]
[Result "1-0"]
[WhiteElo "2507"]
[BlackElo "2156"]
[PlyCount "75"]
[EventDate "2017.02.17"]
[EventType "swiss (blitz)"]
[EventRounds "15"]
[EventCountry "UKR"]

1. d4 e6 2. Nf3 d5 3. c4 c6 4. Nbd2 f5 5. g3 Nf6 6. Bg2 Bd6 7. O-O O-O 8. b3
Nbd7 9. Bb2 Ne4 10. e3 Qe7 11. a4 Kh8 12. Qc1 Ndf6 13. Ba3 Bxa3 14. Qxa3 Qxa3
15. Rxa3 Bd7 16. Nxe4 fxe4 17. Ne5 Be8 18. Bh3 Bf7 19. Nxf7+ Rxf7 20. Bxe6 Re7
21. cxd5 cxd5 22. Bh3 Rc7 23. Raa1 Re8 24. Rfc1 Ree7 25. Kf1 Kg8 26. Ke1 Kf7
27. Kd2 Ne8 28. Rc5 Rxc5 29. dxc5 a5 30. Kc3 Nc7 31. Kd4 Kf6 32. Rb1 Re8 33. b4
axb4 34. Rxb4 Rb8 35. Rb6+ Ke7 36. c6 Kd6 37. cxb7+ Ke7 38. a5 1-0

[Event "4rd Memory of Nebesna Sotnya-2017 B"]
[Site "Lutsk"]
[Date "2017.02.17"]
[Round "2.6"]
[White "Reutov, Andrey Al"]
[Black "Gritsak, Orest"]
[Result "1/2-1/2"]
[WhiteElo "2158"]
[BlackElo "2497"]
[PlyCount "75"]
[EventDate "2017.02.17"]
[EventType "swiss (blitz)"]
[EventRounds "15"]
[EventCountry "UKR"]

1. d4 e6 2. Nc3 Bb4 3. e4 Ne7 4. Nf3 d5 5. Bd3 b6 6. O-O Ba6 7. Bg5 f6 8. Bf4
Qd7 9. a3 Bxc3 10. bxc3 Bxd3 11. Qxd3 Nbc6 12. c4 O-O 13. cxd5 exd5 14. c4 dxe4
15. Qxe4 Rae8 16. d5 Nd8 17. Bg3 Nf5 18. Qg4 Rf7 19. Rae1 Rxe1 20. Rxe1 g6 21.
h4 Re7 22. Rxe7 Qxe7 23. h5 Kg7 24. a4 Nf7 25. hxg6 hxg6 26. Qf4 N7d6 27. Nd4
Nxd4 28. Qxd4 Nf5 29. Qf4 Nxg3 30. Qxg3 g5 31. f4 Qd6 32. Qg4 Qxf4 33. Qd7+ Kg6
34. Qe8+ Kh6 35. Qh8+ Kg6 36. Qe8+ Kf5 37. Qe6+ Kg6 38. Qe8+ 1/2-1/2

[Event "4rd Memory of Nebesna Sotnya-2017 B"]
[Site "Lutsk"]
[Date "2017.02.17"]
[Round "2.7"]
[White "Klymchuk, Andriy"]
[Black "Stets, Vasilij"]
[Result "1-0"]
[WhiteElo "2495"]
[BlackElo "2143"]
[PlyCount "54"]
[EventDate "2017.02.17"]
[EventType "swiss (blitz)"]
[EventRounds "15"]
[EventCountry "UKR"]

1. g3 c5 2. Bg2 g6 3. c4 Bg7 4. Nc3 Nc6 5. Rb1 e6 6. Nf3 Nge7 7. O-O d5 8. cxd5
exd5 9. d3 O-O 10. Bd2 h6 11. a3 a5 12. e4 dxe4 13. Nxe4 b6 14. Bc3 Nd4 15.
Nxd4 cxd4 16. Bd2 Ra7 17. Bf4 a4 18. Re1 Be6 19. Qd2 Kh7 20. Bd6 Re8 21. Bb4
Rd7 22. Bxe7 Rdxe7 23. Qb4 Ba2 24. Ra1 Bb3 25. Rec1 Rd7 26. Nd2 Re2 27. Nxb3
Qf6 1-0

[Event "4rd Memory of Nebesna Sotnya-2017 B"]
[Site "Lutsk"]
[Date "2017.02.17"]
[Round "2.8"]
[White "Vasina, Olena"]
[Black "Mirzoev, Emil"]
[Result "0-1"]
[WhiteElo "2149"]
[BlackElo "2463"]
[PlyCount "100"]
[EventDate "2017.02.17"]
[EventType "swiss (blitz)"]
[EventRounds "15"]
[EventCountry "UKR"]

1. e4 c5 2. c4 d6 3. Nc3 Nf6 4. d3 g6 5. g3 Bg7 6. Bg2 O-O 7. Nge2 Nc6 8. O-O
Ne8 9. Be3 Nc7 10. Qd2 Ne6 11. Bh6 Ned4 12. Bxg7 Kxg7 13. Nxd4 Nxd4 14. Ne2 e5
15. Nxd4 cxd4 16. f4 f6 17. Rf2 a5 18. Raf1 a4 19. c5 Be6 20. Qb4 dxc5 21. Qxc5
Qc8 22. Qb4 Re8 23. fxe5 fxe5 24. a3 Qd7 25. Qc5 Bb3 26. Qb6 Ra6 27. Qb4 Qe7
28. Qb5 Rc6 29. Bh3 Rc2 30. Rxc2 Bxc2 31. Rf2 Bb3 32. Bd7 Rd8 33. Bh3 Rf8 34.
Rxf8 Kxf8 35. Qd7 Qxd7 36. Bxd7 Ke7 37. Bb5 Kd6 38. Kf2 Kc5 39. Be8 b5 40. Ke2
Be6 41. h4 Bc8 42. Kd2 Be6 43. Ke2 Bb3 44. Kd2 b4 45. axb4+ Kxb4 46. Bd7 Ba2
47. g4 Kb3 48. Be6+ Kxb2 49. Bxa2 Kxa2 50. Kc2 Ka3 0-1

[Event "4rd Memory of Nebesna Sotnya-2017 B"]
[Site "Lutsk"]
[Date "2017.02.17"]
[Round "3.1"]
[White "Roshka, Yevgeniy"]
[Black "Bogdanovich, Stanislav"]
[Result "1/2-1/2"]
[WhiteElo "2299"]
[BlackElo "2714"]
[PlyCount "144"]
[EventDate "2017.02.17"]
[EventType "swiss (blitz)"]
[EventRounds "15"]
[EventCountry "UKR"]

1. e4 c5 2. Nf3 Nc6 3. d3 g6 4. g3 Bg7 5. Bg2 e5 6. O-O Nge7 7. c3 O-O 8. a3 d5
9. Nbd2 b6 10. b4 cxb4 11. axb4 Bb7 12. Qe2 Qc7 13. Ba3 Rfe8 14. Rfc1 Rad8 15.
b5 Na5 16. c4 dxe4 17. dxe4 Bc8 18. c5 Bg4 19. cxb6 Qxb6 20. Bc5 Qc7 21. Bxe7
Qxe7 22. Rxa5 Bh6 23. Rc2 Qb4 24. Raa2 Re7 25. h3 Be6 26. Rab2 Qa3 27. Nf1 Bg7
28. Qe3 Qa1 29. Kh2 Rd1 30. N1d2 Bf8 31. Nb3 Qa4 32. Nc5 Qa1 33. Nxe6 Rxe6 34.
Re2 Red6 35. Rbd2 Rc1 36. Rxd6 Bxd6 37. Re1 Rxe1 38. Qxe1 Qb2 39. Qe3 Qxb5 40.
Qxa7 Kg7 41. Ng5 Qc4 42. Qe3 Bc5 43. Qd2 h6 44. Nf3 Qxe4 45. Qc3 Bxf2 46. Qxe5+
Qxe5 47. Nxe5 Bd4 48. Nf3 Bc5 49. Bf1 Bb6 50. Bd3 h5 51. Kg2 Bc5 52. Ne5 Bd6
53. Nc4 Bb8 54. Kf3 Bc7 55. Ne3 Bb8 56. Bc4 Bc7 57. Nd5 Bd6 58. Nc3 Bc7 59. Ne4
Bb8 60. Ng5 f5 61. Ne6+ Kf6 62. Nf4 h4 63. gxh4 Bxf4 64. Kxf4 Kg7 65. Kg5 f4
66. Be2 f3 67. Bf1 f2 68. h5 gxh5 69. Kxh5 Kh7 70. Kg5 Kg7 71. h4 Kh7 72. h5
Kg7 1/2-1/2

[Event "4rd Memory of Nebesna Sotnya-2017 B"]
[Site "Lutsk"]
[Date "2017.02.17"]
[Round "3.2"]
[White "Peng, Li Min"]
[Black "Bortnyk, Mykola"]
[Result "0-1"]
[WhiteElo "2296"]
[BlackElo "2624"]
[PlyCount "98"]
[EventDate "2017.02.17"]
[EventType "swiss (blitz)"]
[EventRounds "15"]
[EventCountry "UKR"]

1. Nf3 Nf6 2. g3 g6 3. Bg2 Bg7 4. O-O c5 5. d4 cxd4 6. Nxd4 O-O 7. Nb3 d6 8. c4
Nc6 9. Nc3 Be6 10. c5 d5 11. h3 Qc8 12. Kh2 Rd8 13. e3 Ne4 14. Ne2 Ne5 15. Qc2
Bf5 16. g4 Bd7 17. f3 Nf6 18. Bd2 Bb5 19. Nbd4 Bd3 20. Qc3 Bxe2 21. Nxe2 Nfxg4+
22. fxg4 Nxg4+ 23. hxg4 Bxc3 24. Bxc3 Qxc5 25. Rf3 Qd6+ 26. Kh1 Rac8 27. Raf1
f6 28. Nf4 b5 29. a3 Qd7 30. Bh3 Rc4 31. Kh2 e5 32. g5 Qd6 33. Ne2 f5 34. Kg1
d4 35. exd4 exd4 36. Bb4 Qe5 37. Nf4 Qe4 38. Bg2 Rc2 39. Re1 Qc6 40. Re7 d3 41.
Rh3 Rxg2+ 42. Nxg2 d2 43. Rhxh7 d1=Q+ 44. Kh2 Qh5+ 45. Rxh5 gxh5 46. Nf4 a5 47.
Nxh5 Qc2+ 48. Kg3 Rd3+ 49. Kf4 Qh2+ 0-1

[Event "4rd Memory of Nebesna Sotnya-2017 B"]
[Site "Lutsk"]
[Date "2017.02.17"]
[Round "3.3"]
[White "Kislinsky, Alexey"]
[Black "Lukiyanchuk, Vladislav"]
[Result "0-1"]
[WhiteElo "2590"]
[BlackElo "2332"]
[PlyCount "59"]
[EventDate "2017.02.17"]
[EventType "swiss (blitz)"]
[EventRounds "15"]
[EventCountry "UKR"]

1. e4 e5 2. Nf3 Nc6 3. Nc3 Nf6 4. Bb5 d6 5. d4 exd4 6. Nxd4 Bd7 7. Bxc6 bxc6 8.
O-O c5 9. Nf5 Bxf5 10. exf5 Be7 11. Re1 O-O 12. b3 d5 13. Bg5 h6 14. Nxd5 Nxd5
15. Bxe7 Nxe7 16. Qxd8 Rfxd8 17. Rxe7 Rd2 18. Rc1 Rad8 19. g4 R8d4 20. h3 h5
21. Kg2 hxg4 22. Re8+ Kh7 23. Rh1 Kh6 24. hxg4+ Kg5 25. Kf3 Rf4+ 26. Ke3 Rfxf2
27. Rg8 Rfe2+ 28. Kf3 Rf2+ 29. Ke3 Rfe2+ 30. Kf3 0-1

[Event "4rd Memory of Nebesna Sotnya-2017 B"]
[Site "Lutsk"]
[Date "2017.02.17"]
[Round "3.4"]
[White "Sergeev, Vladimir"]
[Black "Bernadskiy, Vitaliy"]
[Result "1/2-1/2"]
[WhiteElo "2282"]
[BlackElo "2507"]
[PlyCount "112"]
[EventDate "2017.02.17"]
[EventType "swiss (blitz)"]
[EventRounds "15"]
[EventCountry "UKR"]

1. d4 Nf6 2. Nf3 d6 3. h3 g6 4. Bf4 Bg7 5. e3 O-O 6. Be2 Nc6 7. c3 Nd7 8. O-O
e5 9. Bh2 Qe7 10. a4 f5 11. dxe5 dxe5 12. a5 a6 13. Nbd2 h6 14. Nc4 Kh7 15. b4
e4 16. Nd4 Nce5 17. Qc2 Nxc4 18. Bxc4 Ne5 19. Be2 Bd7 20. Rfd1 Be8 21. Rab1 Bf7
22. c4 Rfd8 23. c5 c6 24. Rd2 Rd7 25. Rbd1 Rad8 26. Bxe5 Bxe5 27. Bc4 Bd5 28.
Bxd5 Rxd5 29. Ne2 Qe6 30. g3 Kg7 31. Nf4 Bxf4 32. gxf4 Kf7 33. Qc3 g5 34. Rxd5
Rxd5 35. Rxd5 Qxd5 36. fxg5 hxg5 37. Qh8 Kg6 38. Qe8+ Qf7 39. Qe5 Qc4 40. Qe8+
Qf7 41. Qe5 Qf6 42. Qe8+ Kg7 43. Qd7+ Qf7 44. Qd6 Qf6 45. Qd7+ Qf7 46. Qd4+ Kg6
47. Qd6+ Kh5 48. Kg2 f4 49. Qd4 f3+ 50. Kg1 Qe6 51. Qg7 Qxh3 52. Qh7+ Kg4 53.
Qd7+ Kh4 54. Qh7+ Kg4 55. Qd7+ Kh4 56. Qh7+ Kg4 1/2-1/2

[Event "4rd Memory of Nebesna Sotnya-2017 B"]
[Site "Lutsk"]
[Date "2017.02.17"]
[Round "3.5"]
[White "Maciaga, Marcin"]
[Black "Klymchuk, Andriy"]
[Result "0-1"]
[WhiteElo "2271"]
[BlackElo "2495"]
[PlyCount "66"]
[EventDate "2017.02.17"]
[EventType "swiss (blitz)"]
[EventRounds "15"]
[EventCountry "UKR"]

1. g3 c5 2. Bg2 Nc6 3. Nf3 g6 4. O-O Bg7 5. c4 e6 6. Nc3 Nge7 7. a3 O-O 8. Rb1
d5 9. b4 cxb4 10. axb4 dxc4 11. b5 Na5 12. Ba3 Re8 13. Qa4 Nd5 14. Ne4 Bd7 15.
Nd6 a6 16. e4 axb5 17. Qc2 Nc7 18. Bb4 Nc6 19. Nxb7 Qb8 20. Nd6 Nxb4 21. Rxb4
Rd8 22. Rbb1 Qa7 23. Ng5 Be8 24. Nxc4 bxc4 25. e5 Rab8 26. Ra1 Qd4 27. Ra4 Qxd2
28. Rxc4 Qxc2 29. Rxc2 Bxe5 30. f4 Bd4+ 31. Kh1 Nd5 32. Ne4 Ne3 33. Rfc1 Nxc2
0-1

[Event "4rd Memory of Nebesna Sotnya-2017 B"]
[Site "Lutsk"]
[Date "2017.02.17"]
[Round "3.6"]
[White "Mirzoev, Emil"]
[Black "Shymanskyi, Oleksandr"]
[Result "0-1"]
[WhiteElo "2463"]
[BlackElo "2304"]
[PlyCount "120"]
[EventDate "2017.02.17"]
[EventType "swiss (blitz)"]
[EventRounds "15"]
[EventCountry "UKR"]

1. e4 d5 2. exd5 Nf6 3. Nf3 Nxd5 4. d4 Bf5 5. Be2 e6 6. O-O Be7 7. a3 O-O 8. c4
Nb6 9. Nc3 Nc6 10. h3 Bf6 11. Be3 h6 12. b4 Qe7 13. Qb3 Rfd8 14. Rfd1 Rd7 15.
Rd2 Rad8 16. Rad1 a6 17. Na2 Qf8 18. a4 g5 19. a5 Nc8 20. Qa4 Qg7 21. b5 Nxd4
22. Bxd4 Bxd4 23. bxa6 bxa6 24. Rxd4 Rxd4 25. Rxd4 Rxd4 26. Qe8+ Kh7 27. Nxd4
Qxd4 28. Qxf7+ Qg7 29. Qxg7+ Kxg7 30. c5 Ne7 31. Nb4 Kf6 32. Bxa6 Be4 33. f3
Ba8 34. Kf2 Ke5 35. Ke3 Nf5+ 36. Kd3 Nh4 37. c6 Bxc6 38. Nxc6+ Kd6 39. Bb7 Kc5
40. a6 Kb6 41. Ne5 Nxg2 42. Bc8 Nf4+ 43. Ke4 Nxh3 44. Nc4+ Ka7 45. Kd4 Ng1 46.
Kc5 Nxf3 47. Kb5 h5 48. Bxe6 Nd4+ 49. Kc5 Nxe6+ 50. Kd5 Nf4+ 51. Ke4 Kxa6 52.
Kf5 Nh3 53. Kg6 h4 54. Kh5 Kb5 55. Ne3 c5 56. Kg4 c4 57. Kxh3 c3 58. Kg4 Ka4
59. Kf3 Kb3 60. Kg4 c2 0-1

[Event "4rd Memory of Nebesna Sotnya-2017 B"]
[Site "Lutsk"]
[Date "2017.02.17"]
[Round "3.7"]
[White "Firman, Nazar"]
[Black "Bargan, Sergiu"]
[Result "1-0"]
[WhiteElo "2419"]
[BlackElo "2296"]
[PlyCount "93"]
[EventDate "2017.02.17"]
[EventType "swiss (blitz)"]
[EventRounds "15"]
[EventCountry "UKR"]

1. e4 c6 2. d4 d5 3. e5 Bf5 4. Nf3 e6 5. Be2 Ne7 6. O-O Nd7 7. c3 c5 8. Na3 a6
9. Nc2 Nc6 10. Ne3 Be4 11. b3 cxd4 12. cxd4 Rc8 13. Bb2 Be7 14. Nd2 Bg6 15. f4
O-O 16. Kh1 f5 17. a3 Qe8 18. b4 a5 19. b5 Na7 20. Nb3 b6 21. Rc1 Kh8 22. h3
Rg8 23. g4 fxg4 24. hxg4 Be4+ 25. Kh2 h5 26. Nd2 Bh7 27. f5 hxg4 28. fxe6 Qh5+
29. Kg1 Qg5 30. Ng2 Nf8 31. Bxg4 Ng6 32. Rf5 Qh6 33. Rh5 Rxc1 34. Bxc1 Nxb5 35.
Rxh6 gxh6 36. Nf3 Nf8 37. Bh3 Be4 38. Bxh6 Nh7 39. Nd2 Nc3 40. Qe1 Bd3 41. Nf3
Ne2+ 42. Kh2 Bc4 43. Nd2 Bd3 44. Nf4 Nxf4 45. Bxf4 Ng5 46. Qh4+ Nh7 47. Qxe7
1-0

[Event "4rd Memory of Nebesna Sotnya-2017 B"]
[Site "Lutsk"]
[Date "2017.02.17"]
[Round "3.8"]
[White "Bykovskiy, Oleg"]
[Black "Ianov, Viktor"]
[Result "1/2-1/2"]
[WhiteElo "2265"]
[BlackElo "2418"]
[PlyCount "112"]
[EventDate "2017.02.17"]
[EventType "swiss (blitz)"]
[EventRounds "15"]
[EventCountry "UKR"]

1. e4 d6 2. d4 g6 3. f4 Bg7 4. c3 Nf6 5. e5 dxe5 6. fxe5 Nd5 7. Nf3 O-O 8. c4
Nb6 9. Be3 Bg4 10. h3 Bxf3 11. Qxf3 Nc6 12. Qe4 f5 13. Qf4 g5 14. Qxg5 Nxd4 15.
Na3 Ne6 16. Qh4 Bxe5 17. Rd1 Qe8 18. c5 Qg6 19. Bf2 Nxc5 20. Nc4 Bf6 21. Qf4
Ne4 22. Nxb6 axb6 23. Bc4+ Kh8 24. O-O e5 25. Qc1 Nxf2 26. Rxf2 Rad8 27. Rdf1
f4 28. Bb3 c6 29. Bc2 Qg7 30. Be4 Rd4 31. Qc2 b5 32. b3 Rfd8 33. Kh1 Bh4 34.
Re2 Rg8 35. Bf3 Re8 36. Qf5 Qf6 37. Qh5 Re7 38. Be4 Qg5 39. Qf3 Bg3 40. Rc2 Kg7
41. Re2 h5 42. Bb1 h4 43. Qc3 Qf6 44. Re4 Rxe4 45. Bxe4 Rd7 46. Bb1 Rd4 47. Qc2
e4 48. Qe2 Qe6 49. Re1 e3 50. Rf1 Rd2 51. Qh5 Qh6 52. Qe5+ Qf6 53. Qh5 Qh6 54.
Qe5+ Qf6 55. Qh5 Qh6 56. Qe5+ Qf6 1/2-1/2